000 00831nam a2200265 i 4500
001 bg
100 1 _aBRADLEY, A. C.
245 1 0 _aShakespearean tragedy :
_blectures on Hamlet, Othello, King Lear, Macbeth /
_cA. ; with a foreword by John Bayley
_nC. Bradley.
260 _aLondon :
_bPenguin Books,
_c1991.
300 _a[6], 474 p. ;
_c21 cm.
504 _aIndeks.
600 1 9 _aShakespeare, William (1564-1616)
_xtwórczość
650 9 _aDramat angielski
_xhistoria
_y16-17 w.
655 _aSzkice literackie
655 _aszkice
700 1 _aBAYLEY, John.
_ewstęp
020 _a0140530193
040 _cBPK
041 0 _aen
080 _a821.111(091)-2"15/16"A/Z
920 _a0-14-053019-3
942 _cKS
008 s pl f |000 0 pol
999 _c39134
_d39134
856 _uhttp://koha.tu.koszalin.pl/cgi-bin/koha/opac-detail.pl?biblionumber=39134
_yKatalog online BPK